Európska politika Veľkej Británie bakalárska práca

Guardado en:
Detalles Bibliográficos
Autor principal: Kohániová, Lívia
Autor Corporativo: Fakulta medzinárodných vzťahov EU. Katedra medzinárodných politických vzťahov
Otros Autores: Kucharčík, Rudolf, 1977-
Formato: Libro
Lenguaje:eslovaco
Publicado: Bratislava 2015
Etiquetas: Agregar Etiqueta
Sin Etiquetas, Sea el primero en etiquetar este registro!

MARC

LEADER 00000nbm a2200000 4500
001 0202668
005 20161212100314.4
041 0 |a slo 
044 |a SK 
245 1 0 |a Európska politika Veľkej Británie  |b bakalárska práca  |c Lívia Kohániová ; školiteľ: Rudolf Kucharčík 
264 1 |a Bratislava  |c 2015 
300 |a 43 s. 
100 1 |a Kohániová, Lívia 
700 1 |a Kucharčík, Rudolf, 1977- 
710 2 |a Fakulta medzinárodných vzťahov EU. Katedra medzinárodných politických vzťahov